Валютные отношения: учебное пособие для вузов

Bibliografiset tiedot
Päätekijä: Симионов Ю. Ф.
Muut tekijät: Носко Б. П.
Yhteenveto:Исключено из фонда НТБ ТПУ
Kieli:venäjä
Julkaistu: Ростов-на-Дону, Феникс, 2001
Aineistotyyppi: MixedMaterials Kirja
KOHA link:https://koha.lib.tpu.ru/cgi-bin/koha/opac-detail.pl?biblionumber=40619

MARC

LEADER 00000nam0a2200000 4500
001 40619
005 20231031013202.0
010 |a 5222019160 
035 |a (RuTPU)RU\TPU\book\41677 
090 |a 40619 
100 |a 20020520d2001 m y0rusy50 ca 
101 0 |a rus 
102 |a RU 
105 |a y j 001zy 
200 1 |a Валютные отношения  |e учебное пособие для вузов  |f Ю. Ф. Симионов, Б. П. Носко 
210 |a Ростов-на-Дону  |c Феникс  |d 2001 
215 |a 320 с.  |c ил. 
320 |a Глоссарий: с. 294-305. 
320 |a Литература: с. 307-314. 
333 |a Исключено из фонда НТБ ТПУ 
686 |a У9(2)262.6я73  |v LBC/SL-A  |2 rubbk 
700 1 |a Симионов  |b Ю. Ф. 
701 1 |a Носко  |b Б. П. 
801 1 |a RU  |b 63413507  |c 20020520  |g PSBO 
801 2 |a RU  |b 63413507  |c 20211025  |g PSBO 
942 |c BK